Score 0/78 Timer 10:00
2 Plays Today
% Correct
San Juan
96.2%
Arecibo
95.4%
Aguadilla
95.1%
Ponce
93.7%
Carolina
93.1%
Fajardo
92.4%
Bayamon
92%
Aguada
91.5%
Culebra
91.2%
Mayagüez
91.1%
Caguas
90.8%
Vieques
90.4%
Cabo Rojo
88.6%
Vega Baja
88.1%
Toa Baja
87.8%
Dorado
87.5%
Vega Alta
87.5%
Toa Alta
87.3%
Guaynabo
86.7%
Aguas Buenas
85.8%
Yauco
85.7%
Aibonito
85.6%
San German
85.6%
Adjuntas
85.5%
Barceloneta
85.5%
Cayey
85.1%
Florida
85.1%
Isabela
85.1%
San Sebastian
85%
Humacao
84.8%
Orocovis
84.5%
Luquillo
84.4%
Rincon
83.8%
Lares
83.5%
Las Marias
83.3%
Morovis
82.8%
Loiza
82.7%
Rio Grande
82.7%
Camuy
82.3%
% Correct
Utuado
82%
Guayama
81.9%
Hormigueros
81.9%
Canovanas
81.7%
Barranquitas
81.5%
Gurabo
81.4%
Hatillo
81.3%
Santa Isabel
81.3%
Manati
81.2%
Ceiba
81%
Salinas
80.1%
Peñuelas
79.7%
Ciales
79.6%
Guayanilla
79.6%
Trujillo Alto
79.3%
Corozal
79.2%
Maunabo
79.2%
Coamo
78.8%
Cataño
78.8%
Moca
78.8%
Naguabo
78.6%
San Lorenzo
78.6%
Jayuya
78.5%
Yabucoa
78.5%
Las Piedras
78.4%
Guanica
77.9%
Juana Diaz
77.9%
Cidra
77.7%
Patillas
77.6%
Arroyo
77.1%
Juncos
76.8%
Añasco
75.9%
Naranjito
74.9%
Lajas
74.8%
Quebradillas
74.4%
Maricao
73.6%
Comerio
73.2%
Sabana Grande
72.9%
Villalba
72.3%
Remove Ads.
Support Sporcle.
Get the best of Sporcle when you Go Orange. This ad-free experience offers more features, more stats, and more fun while also helping to support Sporcle. Thank you for becoming a member.

You're not logged in!

Compare scores with friends on all Sporcle quizzes.
OR
Log In

Show Comments

Extras

Created Jun 29, 2012SourceReportNominate
Tags:Puerto Rico

Top Quizzes Today


Score Distribution

Your Account Isn't Verified!

In order to create a playlist on Sporcle, you need to verify the email address you used during registration. Go to your Sporcle Settings to finish the process.

Report this User

Report this user for behavior that violates our Community Guidelines.

Details: